Đưa em tìm động hoa vàng
Tập nhạc tập hợp 9 bài hát mang âm điệu dịu dàng, truyền cảm của nhạc sĩ Phạm Duy. Các ca khúc đều được tác giả cho biết bối cảnh ra đời và cảm nhận của tác giả
Salvato in:
| Autore principale: | |
|---|---|
| Natura: | Libro |
| Lingua: | Undetermined |
| Pubblicazione: |
Thành phố Hồ Chí Minh
Trẻ
2006
|
| Soggetti: | |
| Tags: |
Aggiungi Tag
Nessun Tag, puoi essere il primo ad aggiungerne! !
|
| Thư viện lưu trữ: | Trung tâm Học liệu Trường Đại học Cần Thơ |
|---|
| LEADER | 00780nam a2200205Ia 4500 | ||
|---|---|---|---|
| 001 | CTU_106834 | ||
| 008 | 210402s9999 xx 000 0 und d | ||
| 020 | |c 25000 | ||
| 082 | |a 782.421644 | ||
| 082 | |b D97 | ||
| 100 | |a Phạm, Duy | ||
| 245 | 0 | |a Đưa em tìm động hoa vàng | |
| 245 | 0 | |c Phạm Duy | |
| 260 | |a Thành phố Hồ Chí Minh | ||
| 260 | |b Trẻ | ||
| 260 | |c 2006 | ||
| 520 | |a Tập nhạc tập hợp 9 bài hát mang âm điệu dịu dàng, truyền cảm của nhạc sĩ Phạm Duy. Các ca khúc đều được tác giả cho biết bối cảnh ra đời và cảm nhận của tác giả | ||
| 650 | |a Songs, vietnamese | ||
| 904 | |i Năm | ||
| 980 | |a Trung tâm Học liệu Trường Đại học Cần Thơ | ||